Catálogo
 En Linea

51 asamblea general ordinaria de delegados : (Registro nro. 53845)

Detalles MARC
000 -CABECERA
campo de control de longitud fija 01082nam a2200229 i 4500
003 - IDENTIFICADOR DEL NÚMERO DE CONTROL
campo de control DO-SdBNP
005 - FECHA Y HORA DE LA ÚLTIMA TRANSACCIÓN
campo de control 20230616091044.0
007 - CAMPO FIJO DE DESCRIPCIÓN FÍSICA--INFORMACIÓN GENERAL
campo de control de longitud fija ta
008 - DATOS DE LONGITUD FIJA--INFORMACIÓN GENERAL
campo de control de longitud fija 220117e2021 dr acd|grt||| 001 0 spa d
040 ## - FUENTE DE LA CATALOGACIÓN
Centro catalogador/agencia de origen DO-SdBNP
Lengua de catalogación spa
Centro/agencia transcriptor BNPHU
Normas de descripción rda
082 #4 - NÚMERO DE LA CLASIFICACIÓN DECIMAL DEWEY
Número de documento/Ítem C7q
Número de edición 22
111 2# - ENTRADA PRINCIPAL--NOMBRE DE CONGRESO/REUNIÓN
9 (RLIN) 57630
Nombre de congreso/reunión o jurisdicción como elemento de entrada Asamblean general de delegados
Número del congreso/reunión o número de parte o sección (51 :
Fecha del congreso/reunión 25 y 26 de noviembre, 2022:
Sede del congreso/Lugar de la reunión Juan Dolio, San Pedro de Macorís: República Dominicana)
245 10 - MENCIÓN DE TÍTULO
Título 51 asamblea general ordinaria de delegados :
Resto del título informe correspondiente al año fiscal 2021 /
Mención de responsabilidad, etc. COOPNAMA
246 ## - FORMA VARIANTE DE TÍTULO
Título propio/Titulo breve Quincuagésimo primero asamblea general ordinaria de delegados :
Resto del título informe correspondiente al año 2014
264 ## - PRODUCCIÓN, PUBLICACIÓN, DISTRIBUCIÓN, FABRICACIÓN Y COPYRIGHT
Producción, publicación, distribución, fabricación y copyright Santo Domingo :
Nombre del de productor, editor, distribuidor, fabricante Cooperativa Nacional de Servicios Múltiples de los Maestros,
Fecha de producción, publicación, distribución, fabricación o copyright 2021
300 ## - DESCRIPCIÓN FÍSICA
Extensión 128 paginas . :
Otras características físicas ilustrados. ;
Dimensiones 29 cm.
590 ## - NOTA LOCAL (RLIN)
Nota local Inventariado, 2023 / DG
611 ## - PUNTO DE ACCESO ADICIONAL DE MATERIA--NOMBRE DE REUNIÓN/CONGRESO
Nombre de congreso/reunión o jurisdicción como elemento de entrada Asamblea general ordinaria
Sede del congreso/Lugar de la reunión (San Pedro de Macorís: República Dominicana
Fecha del congreso/reunión 2021)
9 (RLIN) 80948
710 ## - PUNTO DE ACCESO ADICIONAL--NOMBRE DE ENTIDAD CORPORATIVA
Nombre de entidad corporativa o nombre de jurisdicción como elemento de entrada Cooperativa Nacional de Servicios Múltiples de los Maestros (República Dominicana)
9 (RLIN) 74554
910 ## - DATOS DE OPCIÓN DEL USUARIO (OCLC)
Datos de opción del usuario DG
942 ## - ELEMENTOS DE PUNTO DE ACCESO ADICIONAL (KOHA)
Fuente del sistema de clasificación o colocación Dewey Decimal Classification
Tipo de ítem Koha Libro
Existencias
Estado de retiro Estado de pérdida Fuente del sistema de clasificación o colocación Restricciones de uso No para préstamo Código de colección Localización permanente Ubicación/localización actual Ubicación en estantería Fecha de adquisición Total de préstamos Signatura topográfica completa Código de barras Fecha visto por última vez Precio válido a partir de Tipo de ítem Koha
    Dewey Decimal Classification Excluido de préstamo   Patrimonio Dominicano Biblioteca Nacional Pedro Henríquez Ureña Biblioteca Nacional Pedro Henríquez Ureña En catalogación 16.06.2023   BNPHU PD C7q 2023-2534 16.06.2023 16.06.2023 Libro

Con tecnología Koha